000
003270000a22001570004500
001
002794
003
MACL
040
_a
MACL
090
_c
14787
_d
14786
100
_a
Bronte, Emity
245
_a
Wuthering Heights
_c
Emity Bronte
260
_a
Mansi Publishing House
350
_a
90
650
_a
Fiction
942
_k
823
_c
Book
999
_c
14702
_d
14702